| 000 | 00819cam a2200313 4500 | ||
|---|---|---|---|
| 001 | J62189 | ||
| 008 | 000000n2000 000 0 eng u | ||
| 035 | _a(Sirsi) u108315 | ||
| 041 | _aeng | ||
| 050 | _a333.337016 | ||
| 110 |
_aDonaldsons _93333 |
||
| 245 | 4 | _aThe shopping centre index 2000 | |
| 260 |
_aLondon _bDonaldsons _c2000 |
||
| 300 | _a1 folded sheet ; 30x20cm . | ||
| 350 | _a0 | ||
| 650 | _aCAPITAL VALUES | ||
| 650 | _aOVER-RENTING | ||
| 650 | _aPROPERTY INDEXES | ||
| 650 | _aRENTAL VALUES | ||
| 650 | _aRETAIL WAREHOUSES | ||
| 650 | _aREVERSIONS | ||
| 650 | _aSHOPPING CENTRE INDEX | ||
| 650 | _aSHOPPING CENTRES | ||
| 650 | _aSHOPS | ||
| 650 | _aVOIDS | ||
| 690 | _aPROPERTY-COMMERCIAL PROPERTY-RETAIL PROPERTY | ||
| 710 |
_aInvestment Property Databank _92288 |
||
| 942 | _n0 | ||
| 999 |
_c100772 _d100772 |
||